000 002630000a22000970004500
100 1 _aPorras, Aristómeno
245 1 0 _aGonzalo Báez Camargo : El biblista
300 _aVol. 55, Núm 247 (2000), Páginas 24-27
773 0 _tLa Biblia de las Américas
942 _cANA
999 _c51588
_d51588